| 000 | 00599 a2200193 4500 | ||
|---|---|---|---|
| 999 |
_c32018 _d32018 |
||
| 003 | OSt | ||
| 005 | 20260117133457.0 | ||
| 008 | 260117b ||||| |||| 00| 0 eng d | ||
| 020 | _a978-93-325-5606-5 | ||
| 040 | _c. | ||
| 082 |
_a621.3815 _bH4748 |
||
| 100 |
_95240 _aHelfrick, Albert D. |
||
| 245 |
_aModern Electronic Instrumentation and Measurement Techniques / _cby Albert D. Helfrick and William D. Cooper |
||
| 260 |
_bPearson India Education Services Pvt Ltd, _aIndia : _c2016. |
||
| 300 | _a414 p. | ||
| 650 | 0 |
_92106 _aMeasurement |
|
| 700 |
_92577 _aCooper, William D. |
||
| 942 |
_2ddc _cBK |
||